[Event "Ufa-ch FL"]
[Site "Ufa"]
[Date "2012.11.25"]
[Round "7"]
[White "Khasanshin, Airat"]
[Black "Khaziev, Anvar"]
[Result "1-0"]
[WhiteElo "1815"]
[BlackElo "1874"]
[PlyCount "66"]
[EventDate "2012.11.19"]
[EventType "swiss"]
[EventRounds "9"]
[EventCountry "RUS"]
[SourceTitle "EXT 2023"]
[Source "ChessBase"]
[SourceDate "2022.10.05"]
[SourceVersion "1"]
[SourceVersionDate "2022.10.05"]
[SourceQuality "1"]

1. d4 Nf6 2. e3 e6 3. f4 b6 4. Be2 Bb7 5. Bf3 Ne4 6. Nd2 f5 7. Bxe4 fxe4 8. Qh5+ g6 9. Qe5 Rg8 10. h4 Nc6 11. Qb5 Nb4 12. Kd1 Be7 13. g3 c5 14. Qe2 cxd4 15. exd4 Qc7 16. c3 Rc8 17. Rh2 Nd3 18. Nxe4 Nxc1 19. Rxc1 Qc6 20. Ng5 h6 21. N5f3 Qa4+ 22. b3 Qa5 23. Qe3 Qh5 24. Kd2 Qg4 25. Ne5 Qf5 26. Nef3 Ba3 27. Re1 Qa5 28. Ne2 Bb2 29. a4 Qd5 30. Kc2 Bxc3 31. Nxc3 Qf5+ 32. Qd3 Qxd3+ 33. Kxd3 Bxf3 1-0

[Event "Ufa-ch FL"]
[Site "Ufa"]
[Date "2012.11.24"]
[Round "6"]
[White "Khaziev, Anvar"]
[Black "Ilkin, Albert"]
[Result "0-1"]
[WhiteElo "1874"]
[BlackElo "2172"]
[PlyCount "54"]
[EventDate "2012.11.19"]
[EventType "swiss"]
[EventRounds "9"]
[EventCountry "RUS"]
[SourceTitle "EXT 2023"]
[Source "ChessBase"]
[SourceDate "2022.10.05"]
[SourceVersion "1"]
[SourceVersionDate "2022.10.05"]
[SourceQuality "1"]

1. Nf3 Nf6 2. c4 g6 3. Nc3 Bg7 4. e4 d6 5. d4 0-0 6. Be2 Nbd7 7. 0-0 e5 8. d5 Nh5 9. Ne1 Nf4 10. Bg4 f5 11. exf5 gxf5 12. Bxf4 fxg4 13. Bg3 Nf6 14. Bh4 Qe8 15. Nb5 Qf7 16. Qe2 a6 17. Nc3 Nh5 18. g3 Qg6 19. Ng2 Bd7 20. Rae1 Rae8 21. Ne4 Bf5 22. b4 Bh6 23. c5 Nf4 24. Qc4 Nh3+ 25. Kh1 Bxe4 26. Rxe4 Nxf2+ 27. Rxf2 Rxf2 0-1

[Event "Ufa Gumerov Memorial op"]
[Site "Ufa"]
[Date "2012.08.07"]
[Round "7"]
[White "Khaziev, Anvar"]
[Black "Faizulin, Zharas"]
[Result "0-1"]
[WhiteElo "1891"]
[BlackElo "2130"]
[PlyCount "80"]
[EventDate "2012.08.01"]
[EventType "swiss"]
[EventRounds "9"]
[EventCountry "RUS"]
[SourceTitle "EXT 2013"]
[Source "ChessBase"]
[SourceDate "2012.11.22"]
[SourceVersion "1"]
[SourceVersionDate "2012.11.22"]
[SourceQuality "1"]

1. Nf3 Nf6 2. c4 g6 3. Nc3 Bg7 4. e4 d6 5. d4 0-0 6. Be2 e5 7. 0-0 Nc6 8. d5 Ne7 9. Ne1 Nd7 10. Nd3 f5 11. f3 f4 12. b4 g5 13. c5 Nf6 14. Bd2 h5 15. h3 Rf7 16. Nf2 Bf8 17. Qc2 Ng6 18. cxd6 Bxd6 19. Nb5 Nh4 20. Rfc1 Rg7 21. Nxd6 cxd6 22. Qd1 g4 23. hxg4 hxg4 24. fxg4 Nh5 25. Bf3 Ng3 26. Be1 Nxf3+ 27. Qxf3 Qh4 28. Bd2 Rh7 29. Rxc8+ Rxc8 30. Nh3 Rc2 31. Be1 Rg7 32. g5 Rxg5 33. Bf2 Rg7 34. Re1 Rxa2 35. Rc1 Qg5 36. Kh2 Ne2 37. Rc8+ Kh7 38. Rd8 Nd4 39. Rxd6 Nxf3+ 40. Kh1 Ra1+ 0-1

[Event "Ufa Gumerov Memorial op"]
[Site "Ufa"]
[Date "2012.08.05"]
[Round "5"]
[White "Khaziev, Anvar"]
[Black "Basirov, Damir"]
[Result "1-0"]
[WhiteElo "1891"]
[BlackElo "2014"]
[PlyCount "41"]
[EventDate "2012.08.01"]
[EventType "swiss"]
[EventRounds "9"]
[EventCountry "RUS"]
[SourceTitle "EXT 2013"]
[Source "ChessBase"]
[SourceDate "2012.11.22"]
[SourceVersion "1"]
[SourceVersionDate "2012.11.22"]
[SourceQuality "1"]

1. Nf3 Nf6 2. c4 b6 3. Nc3 e6 4. d4 d6 5. e4 Be7 6. Bd3 Bb7 7. 0-0 Nbd7 8. Qc2 e5 9. Nd5 0-0 10. Bd2 h6 11. Bc3 c6 12. Ne3 exd4 13. Nxd4 Nc5 14. Ndf5 Qc7 15. Rad1 Rad8 16. f3 Kh7 17. Nxe7 Nxd3 18. Qxd3 Qxe7 19. e5+ Ne4 20. Qxe4+ g6 21. exd6 1-0

[Event "Ufa-ch sf1"]
[Site "Ufa"]
[Date "2012.01.24"]
[Round "4"]
[White "Khaziev, Anvar"]
[Black "Timofeev, Sergey2222"]
[Result "1-0"]
[WhiteElo "1947"]
[BlackElo "1835"]
[PlyCount "57"]
[EventDate "2012.01.21"]
[EventType "swiss"]
[EventRounds "9"]
[EventCountry "RUS"]
[SourceTitle "EXT 2014"]
[Source "ChessBase"]
[SourceDate "2013.11.20"]
[SourceVersion "1"]
[SourceVersionDate "2013.11.20"]
[SourceQuality "1"]

1. b3 d5 2. e3 Bf5 3. Bb2 Nc6 4. f4 d4 5. Bb5 dxe3 6. Bxc6+ bxc6 7. dxe3 Qxd1+ 8. Kxd1 0-0-0+ 9. Nd2 e6 10. Ngf3 f6 11. Kc1 Bc5 12. Re1 Ne7 13. h3 Bg6 14. Nd4 Nd5 15. Nxe6 Bxe3 16. Nxd8 Rxd8 17. Re2 Bxf4 18. Rf2 Be3 19. Rf3 Be4 20. Rg3 Bf4 21. Rxg7 Nb4 22. Bc3 Nxc2 23. Rg4 Bxd2+ 24. Bxd2 Bg6 25. Rxg6 Nxa1 26. Rxf6 Rg8 27. Rf2 Rg3 28. Kb2 Nxb3 29. axb3 1-0

[Event "Ufa-ch sf1"]
[Site "Ufa"]
[Date "2012.01.22"]
[Round "2"]
[White "Zelenov, Aleksey"]
[Black "Khaziev, Anvar"]
[Result "0-1"]
[WhiteElo "1580"]
[BlackElo "1947"]
[PlyCount "96"]
[EventDate "2012.01.21"]
[EventType "swiss"]
[EventRounds "9"]
[EventCountry "RUS"]
[SourceTitle "EXT 2014"]
[Source "ChessBase"]
[SourceDate "2013.11.20"]
[SourceVersion "1"]
[SourceVersionDate "2013.11.20"]
[SourceQuality "1"]

1. e4 e6 2. d4 b6 3. c4 Bb7 4. Nc3 Bb4 5. Bd3 Nf6 6. Qc2 Nc6 7. Nf3 d6 8. 0-0 Bxc3 9. bxc3 e5 10. d5 Na5 11. Nd2 Bc8 12. Nb3 Nb7 13. a4 a5 14. f4 Nd7 15. Be3 Qe7 16. fxe5 Nxe5 17. Nd2 Ng4 18. Bd4 f6 19. Be2 0-0 20. Bxg4 Bxg4 21. Qd3 Nd8 22. Qg3 Bd7 23. Rf2 Kh8 24. Qh4 Nf7 25. Nf1 Ne5 26. Ne3 Rae8 27. Nf5 Bxf5 28. Rxf5 Ng6 29. Qh3 Qxe4 30. Rf3 Nf4 31. Qd7 Ne2+ 32. Kh1 Nxd4 33. cxd4 Re7 34. Qh3 Rfe8 35. Qg3 Qxd4 36. Raf1 Re3 37. Rxe3 Qxe3 38. Qxe3 Rxe3 39. Kg1 Kg8 40. Rf4 Kf7 41. Kf2 Ra3 42. Re4 Rxa4 43. Ke3 Ra2 44. Kf3 a4 45. Rg4 a3 46. Ke3 Rb2 47. Rf4 a2 48. Rf1 Rb1 0-1

[Event "Sterlitamak op"]
[Site "Sterlitamak"]
[Date "2011.07.05"]
[Round "9"]
[White "Galljamov, Aivar"]
[Black "Khaziev, Anvar"]
[Result "1-0"]
[WhiteElo "2069"]
[BlackElo "2053"]
[PlyCount "75"]
[EventDate "2011.06.27"]
[EventType "swiss"]
[EventRounds "9"]
[EventCountry "RUS"]
[SourceTitle "EXT 2012"]
[Source "ChessBase"]
[SourceDate "2011.11.24"]
[SourceVersion "1"]
[SourceVersionDate "2011.11.24"]
[SourceQuality "1"]

1. e4 c5 2. Nf3 e6 3. d4 cxd4 4. Nxd4 a6 5. c4 b6 6. Be2 Bb7 7. Nc3 Qc7 8. 0-0 d6 9. Be3 Nd7 10. Rc1 Rc8 11. Qd2 Ngf6 12. f3 Be7 13. Rfd1 0-0 14. b3 Ne5 15. Bf1 Rfe8 16. Qf2 Bd8 17. Kh1 Qb8 18. Nde2 Nfd7 19. Qg3 Bc7 20. f4 Ng6 21. Qf2 Nc5 22. Ng3 Ne7 23. f5 Qa8 24. f6 gxf6 25. Qxf6 Nd7 26. Qh6 Kh8 27. Nh5 Rg8 28. Nf6 Rg7 29. Nxd7 Bxe4 30. Nxe4 Qxe4 31. Qf4 Qc6 32. Nf6 Nf5 33. Bd4 Rg6 34. Nd5+ Nxd4 35. Qxd4+ e5 36. Ne7 Qd7 37. Nxg6+ hxg6 38. Qxe5+ 1-0

[Event "Sterlitamak op"]
[Site "Sterlitamak"]
[Date "2011.06.28"]
[Round "2"]
[White "Khaziev, Anvar"]
[Black "Dolomatov, Nikolai"]
[Result "0-1"]
[WhiteElo "2053"]
[BlackElo "2263"]
[PlyCount "86"]
[EventDate "2011.06.27"]
[EventType "swiss"]
[EventRounds "9"]
[EventCountry "RUS"]
[SourceTitle "EXT 2012"]
[Source "ChessBase"]
[SourceDate "2011.11.24"]
[SourceVersion "1"]
[SourceVersionDate "2011.11.24"]
[SourceQuality "1"]

1. c4 c5 2. Nf3 b6 3. d4 cxd4 4. Nxd4 Nf6 5. f3 Bb7 6. e4 d6 7. Bd3 e6 8. 0-0 a6 9. Nc3 Nbd7 10. Be3 Be7 11. Rc1 0-0 12. g4 Ne5 13. Be2 Rc8 14. b3 Re8 15. Qe1 Nfd7 16. f4 Nc6 17. Nxc6 Bxc6 18. Bf3 Nc5 19. Rd1 Qc7 20. g5 Qb8 21. Bc1 b5 22. cxb5 axb5 23. b4 Nd7 24. a3 Nb6 25. Ne2 Nc4 26. Nd4 Ba8 27. Kh1 Bf8 28. Nc2 e5 29. Bg2 d5 30. f5 dxe4 31. Ne3 Qa7 32. Nd5 Nxa3 33. Bxe4 Nc2 34. Qh4 Rc4 35. g6 hxg6 36. fxg6 fxg6 37. Rxf8+ Rxf8 38. Ne7+ Qxe7 39. Qxe7 Bxe4+ 40. Kg1 Nd4 41. h4 Ne2+ 42. Kh2 Rf2+ 43. Kh3 Bf5# 0-1

[Event "Ufa Kopylov Memorial op-B 7th"]
[Site "Ufa"]
[Date "2010.12.26"]
[Round "7"]
[White "Khaziev, Anvar"]
[Black "Tagirov, Kajum K"]
[Result "1-0"]
[WhiteElo "2014"]
[BlackElo "1895"]
[PlyCount "72"]
[EventDate "2010.12.21"]
[EventType "swiss"]
[EventRounds "9"]
[EventCountry "RUS"]
[SourceTitle "EXT 2012"]
[Source "ChessBase"]
[SourceDate "2011.11.24"]
[SourceVersion "1"]
[SourceVersionDate "2011.11.24"]
[SourceQuality "1"]

1. c4 c5 2. Nc3 b6 3. Nf3 Bb7 4. d4 cxd4 5. Nxd4 Nf6 6. f3 e5 7. Nf5 d5 8. Bg5 d4 9. Nd5 Bxd5 10. cxd5 Bb4+ 11. Kf2 0-0 12. Bh4 Be7 13. Kg1 Nxd5 14. Nxe7+ Nxe7 15. e4 f6 16. g4 h6 17. Bg3 Nd7 18. h4 g5 19. Bc4+ Kg7 20. Qe2 Rc8 21. b4 Nb8 22. Rd1 Nbc6 23. a3 a5 24. Be6 Rb8 25. b5 Na7 26. a4 Qd6 27. Qa2 Rbd8 28. Rd2 Nac8 29. Bc4 Qc5 30. Rhh2 Rh8 31. Bf2 Nd6 32. Bf1 Qc8 33. Bg3 Nb7 34. Bc4 Nc5 35. Bf7 Qd7 36. Bh5 d3 1-0

[Event "Ufa op"]
[Site "Ufa"]
[Date "2010.11.28"]
[Round "9"]
[White "Ivanov, Vladislav"]
[Black "Khaziev, Anvar"]
[Result "1-0"]
[WhiteElo "1881"]
[BlackElo "2053"]
[PlyCount "69"]
[EventDate "2010.11.20"]
[EventType "swiss"]
[EventRounds "9"]
[EventCountry "RUS"]
[SourceTitle "CBM 139 Extra"]
[Source "ChessBase"]
[SourceDate "2011.01.05"]
[SourceVersion "1"]
[SourceVersionDate "2011.01.05"]
[SourceQuality "1"]

1. e4 c5 2. Nf3 e6 3. d4 cxd4 4. Nxd4 a6 5. Nc3 d6 6. Bc4 Nf6 7. 0-0 Be7 8. f4 b5 9. Bb3 b4 10. Na4 Nxe4 11. f5 e5 12. Bxf7+ Kxf7 13. Qh5+ Kg8 14. Ne6 Nf6 15. Qf3 e4 16. Qb3 Bxe6 17. fxe6 d5 18. Be3 Qc8 19. Nb6 Qc6 20. Nxa8 Qxa8 21. Bg5 Qc6 22. Bxf6 Qc5+ 23. Kh1 Bxf6 24. Rxf6 gxf6 25. Qg3+ Kf8 26. Qxb8+ Kg7 27. Qg3+ Kf8 28. Rf1 Qe7 29. Qg5 h5 30. Rxf6+ Ke8 31. Qg6+ Kd8 32. Rf7 Rf8 33. Qxh5 Rxf7 34. exf7 Qxf7 35. Qxf7 1-0

[Event "Ufa op"]
[Site "Ufa"]
[Date "2010.11.22"]
[Round "3"]
[White "Khaziev, Anvar"]
[Black "Valiullin, Artur"]
[Result "0-1"]
[WhiteElo "2053"]
[BlackElo "1863"]
[PlyCount "121"]
[EventDate "2010.11.20"]
[EventType "swiss"]
[EventRounds "9"]
[EventCountry "RUS"]
[SourceTitle "CBM 139 Extra"]
[Source "ChessBase"]
[SourceDate "2011.01.05"]
[SourceVersion "1"]
[SourceVersionDate "2011.01.05"]
[SourceQuality "1"]

1. c4 c6 2. e3 d5 3. b3 Nf6 4. Bb2 Bf5 5. Nf3 e6 6. d3 Bd6 7. Nbd2 Nbd7 8. Be2 0-0 9. Qc2 e5 10. e4 Bg6 11. 0-0 dxe4 12. dxe4 Qc7 13. Nh4 Rad8 14. Rad1 Nh5 15. g3 Be7 16. Bxh5 Bxh5 17. Nf5 Nc5 18. f3 Nd3 19. Ba1 Bc5+ 20. Kg2 Bg6 21. Nb1 Bxf5 22. exf5 Qd7 23. Nc3 Qxf5 24. Ne4 Nb4 25. Qc3 Be7 26. a3 Na6 27. b4 f6 28. Qe3 b6 29. Qe2 Nc7 30. f4 Rxd1 31. Rxd1 exf4 32. Rf1 Ne6 33. g4 f3+ 34. Qxf3 Qxf3+ 35. Rxf3 Rd8 36. Re3 Kf7 37. h4 Rd3 38. Kf3 Nd4+ 39. Bxd4 Rxd4 40. Rc3 f5 41. gxf5 Bxh4 42. c5 bxc5 43. Rxc5 Be7 44. Rxc6 Rd3+ 45. Kf4 Rxa3 46. Rc7 Ra6 47. b5 Ra4 48. Kf3 Ke8 49. Rb7 Ra1 50. Kf4 Ra4 51. Ke5 Kd8 52. Nd6 Ra1 53. Ne4 Ra4 54. Kd5 h6 55. Nc3 Ra1 56. Ke6 Re1+ 57. Kf7 Bf6 58. Nd5 Bd4 59. Nf4 Kc8 60. Re7 Rxe7+ 61. Kxe7 0-1

[Event "Ufa Siamidi Memorial op"]
[Site "Ufa"]
[Date "2010.10.25"]
[Round "8"]
[White "Vyrypaev, Evgeny"]
[Black "Khaziev, Anvar"]
[Result "0-1"]
[WhiteElo "2056"]
[BlackElo "2053"]
[PlyCount "96"]
[EventDate "2010.10.18"]
[EventType "swiss"]
[EventRounds "9"]
[EventCountry "RUS"]
[SourceTitle "EXT 2011"]
[Source "ChessBase"]
[SourceDate "2010.11.26"]
[SourceVersion "1"]
[SourceVersionDate "2010.11.26"]
[SourceQuality "1"]

1. e4 c5 2. c3 e5 3. Nf3 Nc6 4. Bb5 Nf6 5. d3 Qc7 6. Bg5 Be7 7. Nbd2 a6 8. Bxc6 bxc6 9. 0-0 d6 10. Nc4 Be6 11. Ne3 0-0 12. Re1 Rad8 13. Qe2 h6 14. Bh4 g6 15. c4 Nh5 16. b3 Nf4 17. Qc2 Bxh4 18. Nxh4 Qe7 19. g3 f5 20. exf5 gxf5 21. Kh1 Kh7 22. Rg1 Nh3 23. Rg2 d5 24. Qe2 f4 25. Qh5 Qg5 26. Qg6+ Qxg6 27. Nxg6 fxe3 28. Nxf8+ Rxf8 29. f4 Nf2+ 30. Rxf2 exf2 31. Rf1 exf4 32. Rxf2 f3 33. Kg1 Bh3 34. a3 Re8 35. Rxf3 Re2 36. Rf7+ Kg6 37. Rc7 d4 38. Rxc6+ Kg5 39. Rxa6 Kg4 40. Ra7 Rd2 41. b4 cxb4 42. axb4 Rg2+ 43. Kh1 Rb2 44. Kg1 Rg2+ 45. Kh1 Rf2 46. Ra1 Rb2 47. b5 Kf3 48. Rg1 Kf2 0-1